000 00789nam a22002057a 4500
005 20241211120842.0
010 _aDEC24SC ENG-142957
020 _a9789358707212
_c550.00
035 _aEN-126489
082 _a000
_21
100 _aKochhar, Sandeep
_974957
245 _aThe 99 Percentile CAT:
_bVerbal Ability & Reading Comprehension/
_cby Sandeep Kochhar [and] Vishwapriya Kochhar
250 _a1
260 _aNew Delhi
_bS Chand and Company Limited
_c2024
270 _a A-27, 2nd Floor, Mohan Co-operative Industrial Estate
_bNew Delhi
_e110044
_minfo@schandpublishing.com
_k011-49731800
300 _axiv,498p.
_c23cm(pb)
500 _a Guide by IIM Alumni + 5 Free Mock Tests
700 _aKochhar, Vishwapriya
_eAuthor
_974958
942 _2ddc
_cEN
_h000
_mKOC
_e1
999 _c207565
_d207565